01016cam a2200241 i 4500999001500000001000600015003000900021005001700030008004100047020001800088040003300106082001600139245005500155250001200210260008000222300004400302650001600346710005800362942001200420952011400432952011400546952011400660 c6899d689920381BD-DhUAP20210110114022.0210105s2017 bg a 000 0 eng  a9781841526409 aDLCbengcDLCerdadBD-DhUAP00a657 ACC22310aAccounting :bstudy manual : CA certificate level. a2nd ed. aBangladesh :bThe Institute of Chartered Accountants of Bangladesh,cc2017. avi, 341 pages :billustrations ;c29 cm aAccounting. aThe Institute of Chartered Accountants of Bangladesh. 2ddccBK 00102ddc4070aDBASLbDBASLcGeneral Stacksd2021-01-10o657 ACCp3010020381r2021-01-10t1w2021-01-10yBK 00102ddc4070aDBASLbDBASLcGeneral Stacksd2021-01-10o657 ACCp3010020379r2021-01-10t2w2021-01-10yBK 00102ddc4070aDBASLbDBASLcGeneral Stacksd2021-01-10o657 ACCp3010020380r2021-01-13t3w2021-01-10yBK